00326nam a2200121Ia 4500008004100000020001400041050001500055100002000070245003600090260004100126300002400167650001300191150202s9999 xx 000 0 und d a373761597 aFIC bFIC  aMerrit, Jackie. 2aA montana man /cJackie Merrit. aNew York :bSilhouette Books,c1998. a187 pages :c18 cm. aFiction.